000 00375pab a2200145 454500
008 180718b2001 xxu||||| |||| 00| 0 eng d
100 _aRao, S.L.
245 _aElectricity Bill 2001: what it reflects of power policy
260 _c2001
300 _ap.3608-613
362 _a22 Sep
650 _aPower industry
773 _aEconomic and Political Weekly
909 _a50060
999 _c50060
_d50060